| 000 | 00489nam a2200181Ia 4500 | ||
|---|---|---|---|
| 005 | 20250508152215.0 | ||
| 008 | 008 250505s9999 xx 000 0 eng d | ||
| 037 | _aTextual | ||
| 040 |
_aFEDL _beng _cFEDL |
||
| 041 |
_aeng _2eng |
||
| 084 |
_a824.9, FOR _qFEDL |
||
| 100 |
_aForster Anthony Ed. _9761024 |
||
| 245 | 0 | _aBelloc essays | |
| 260 |
_aLondon, UK _bMethuen and Co. Ltd. _c1955 |
||
| 300 | _aix,195p | ||
| 942 |
_cTEXL _h824.9, FOR |
||
| 999 |
_c1334970 _d1334970 |
||